000
00217 a2200097 4500
001
42481
100
_a
Webester
245
_a
The strategic air offensive
260
_a
London
_b
Her majesty's
_c
090
_c
26394
_d
26394
942
_a
NUST-CAE
_c
M
_c
18218
999
_c
277554
_d
277554